00413pab a2200133 454500008004000000100002600040245011400066260000900180300001300189362000800202650001500210650002300225773003100248180718b2011 xxu||||| |||| 00| 0 eng d aStrang, Kenneth David aLeadership substitutes and personality impact on time and quality of virtual new product development projects c2011 ap.73-90. aFeb aLeadership aProject management aProject Management Journal